[Event "Pamplona 9899 9th"]
[Site "Pamplona"]
[Date "1998.12.27"]
[Round "1"]
[White "Comas Fabrego, Luis"]
[Black "Morozevich, Alexander"]
[Result "0-1"]
[WhiteElo "2540"]
[BlackElo "2625"]
[Annotator "Ribli,Z"]
[PlyCount "52"]
[EventDate "1998.12.27"]
[EventType "tourn"]
[EventRounds "9"]
[EventCountry "ESP"]
[EventCategory "13"]
[SourceTitle "CBM 069"]
[Source "ChessBase"]
[SourceDate "1999.04.01"]
[SourceVersion "1"]
[SourceVersionDate "1999.04.01"]
[SourceQuality "1"]

1. c4 e5 2. Nc3 Nf6 3. e3 {Meines Erachtens ist diese Variante psychologisch
gegen Morozevich nicht so gut, denn er ist sehr stark in unbekannten
Stellungen. Es wäre wohl besser, gegen ihn eine theoretische Hauptvariante zu
spielen. Weiß plant die Sizilianische Verteidigung im Anzug zu spielen. Ribli.}
Bb4 {Der junge russische Spieler wählt mit Bb4 seinen Lieblingszug, denn er
spielt mit Weiß nach 1.e4 c5 2.Nf3 Nc6 die Variante 3.Bb5.} 4. Qc2 {Dieser
Damezug ist nicht schlecht, aber die Alternative 4.Nge2 scheint mir logischer.}
(4. Nge2 O-O 5. a3 (5. Ng3 c6 6. a3 Ba5 7. b4 Bc7 8. Be2 d5 9. cxd5 cxd5 10. d4
e4 11. a4 Nc6 12. Ba3 Bd6 13. b5 Bxa3 14. Rxa3 Ne7 15. a5 g6 16. Qb3 h5 17. h4
Be6 18. Qb4 Rc8 19. Kd2 Re8 20. Rc1 Bg4 21. Bf1 Nf5 22. Nxf5 Bxf5 23. g3 Ng4
24. Nd1 Rxc1 25. Kxc1 Be6 26. Rc3 Kg7 {0-1 Milov,V-Morozevich,A/Tilburg 1994/
CBM 44 (84)}) 5... Bxc3 6. Nxc3 d5 7. cxd5 Nxd5 8. Qc2 (8. Qb3 $5) 8... c5 (
8... Be6 9. Be2 Nxc3 10. bxc3 c5 11. c4 Nc6 12. O-O Qd7 13. Bb2 Rad8 14. Rad1
Rfe8 15. d3 Bg4 16. Rfe1 Bxe2 17. Qxe2 {1/2-1/2 Balashov,Y-Nikitin,A/Tomsk
1997/CBM 61 (17)}) 9. Bd3 Nxc3 $5 (9... h6 10. Nxd5 Qxd5 11. O-O Qd6 12. b4 $36
cxb4 13. axb4 Be6 14. b5 Rc8 15. Qb1 Nd7 16. Ba3 Nc5 17. Bh7+ Kh8 18. Rd1 Qb6
19. Bxc5 Rxc5 20. Bd3 Bd7 {0-1 Rodgaard,J-Morozevich,A/Moscow 1994/CBM 44 ext 
(32)}) 10. dxc3 (10. bxc3) 10... f5 11. O-O Be6 12. c4 Nc6 13. b3 a5 14. Rd1
Qg5 15. Bb2 Rae8 16. Rd2 Bc8 17. Rad1 Re6 $40 {Ribli. 0-1 Franco,Z-Morozevich,
A/Pamplona 1995/CBM 46/[Ribli] (41)}) 4... O-O 5. a3 Bxc3 6. Qxc3 Re8 {Schwarz
hat das Läuferpaar abgegeben, sich aber schnell entwickeln können. Die weiße
Dame hat schon zwei Züge gemacht, steht aber auf c3 nicht gut.} 7. Nf3 $6 {
Nach dieser Fortsetzung bekomt Schwarz freies Spiel.} (7. b4 $5) 7... e4 $15 {
[%csl Yd3]} 8. Nd4 c5 (8... b6) 9. Ne2 Nc6 {Die Schwäche der weißen Felder im
Lager des Anziehenden sind spürbar. Mit natürlichen Zügen erringt Schwarz die
Initiative.} 10. b3 {[%cal Gc1b2,Gb2h8]} (10. Nf4 Ne5 $15 (10... b6 $15)) 10...
d5 11. cxd5 (11. Bb2 dxc4 12. bxc4 Ne5 $15) 11... Ne5 {[%cal Re5d3,Rd3e1]} (
11... Qxd5 12. Nf4 Qd6 13. Bb2 $11) 12. Nf4 Nxd5 (12... b6 13. Bb5 $132) 13.
Nxd5 (13. Qxc5 $6 Nxf4 14. exf4 Nd3+ 15. Bxd3 exd3+ $17 {[%csl Re1][%cal Re8e1]
}) 13... Qxd5 {Schwarz hat großen Entwicklungsvorsprung und das Feld d3 ist
eine schwerwiegende Schwäche in der weißen Stellung.} 14. Bb2 f6 15. Qxe5 $5 {
Ein unerwartetes Damenopfer. Weiß möchte sich mit Vereinfachungen befreien.} (
15. Rc1 b6 $15) 15... Rxe5 $1 (15... Qxe5 16. Bxe5 Rxe5 17. Bc4+ Be6 18. f4
exf3 19. gxf3 $11) 16. Bc4 {[%cal Rc4g8]} Qxc4 17. bxc4 Rg5 {[%csl Rg2,Gg5]
Auch im Endspiel hat Schwarz die Initiative. Dies ist ein typisches Beispiel,
in dem die Anwesenheit der ungleichfarbigen Läufer nicht dem Verteidiger,
sondern nur dem Angreifer hilft.} 18. Rg1 (18. g3 Be6 (18... Bh3) 19. Rc1 Rd8
$17) (18. O-O $2 Bh3 $19) 18... Bh3 19. Kf1 (19. g3 $17 {[%csl Yf3]}) 19... Be6
{[%cal Re6c4]} 20. Rc1 Rd8 $17 {[%cal Rd8d2]} 21. Ke2 (21. Rc2 Rd3 $17) 21...
Rd6 {[%cal Rd6b6,Rb6b2]} 22. h4 Rg4 23. g3 (23. h5 Rh4 $17 {[%csl Rh5]}) 23...
Rg6 {[%csl Re2][%cal Re6g4,Rg4e2] Weiß kann eigentlich nichts gegen die
schwarzen Drohungen unternehmen.} 24. d4 {Dieser Zug beschleunigt den
Partieverlust, aber ich kann nicht erkennen, wie Weiß die Stellung retten soll.
} exd3+ $19 25. Kd2 Rg4 {[%csl Rc4]} 26. f4 Bf5 {[%cal Rf5e4][%mdl 36] Die
Stellung ist völlig hoffnungslos für Weiß, so daß er aufgab. Eine schlechte
Partie von Comas Fabrego.  Diese Partie wurde in der ersten Runde gespielt und
insgesamt schloß der Jungstar Morozevich das Turnier mit 8(!) Punkten aus 9
Partien ab.} 0-1

[Event "Dortmund op-A"]
[Site "Dortmund"]
[Date "1992.??.??"]
[Round "3"]
[White "Azmaiparashvili, Zurab"]
[Black "Schmittdiel, Eckhard"]
[Result "1-0"]
[WhiteElo "2610"]
[BlackElo "2485"]
[Annotator "Ribli,Z"]
[PlyCount "67"]
[EventDate "1992.04.??"]
[EventType "swiss"]
[EventRounds "11"]
[EventCountry "GER"]
[SourceTitle "CBM 029"]
[Source "ChessBase"]
[SourceDate "1992.08.01"]
[SourceVersion "1"]
[SourceVersionDate "1992.08.01"]
[SourceQuality "1"]

1. c4 {Anand} e5 2. Nc3 Bb4 3. Nd5 Be7 (3... Bc5 4. e3 c6 5. Nc3 d5 6. d4 exd4
7. exd4 Be7 8. cxd5 cxd5 9. Bb5+ Nc6 10. Nf3 a6 11. Bxc6+ bxc6 12. Ne5 $14 {
Petursson,M-Panchenko,AN Bern 1992 CBM/28}) 4. d4 $5 (4. Nf3 d6 (4... Nc6 5. d4
e4 6. Nd2 f5 7. e3 Nf6 8. Nxe7 Qxe7 9. Be2 d6 10. b4 O-O 11. b5 Nd8 12. a4 Ne6
13. Nb3 Ng4 $13 {Lautier-Gavrikov Biel 1991 CBM/25}) (4... c6 {Anand} 5. Nxe7
Qxe7 6. b3 $1 {Ehlvest-Shirov Manila izt1990}) 5. g3 c6 6. Nxe7 Nxe7 7. d3 O-O
8. Bg2 f5 9. Qc2 Ng6 10. h4 $1 f4 11. h5 Ne7 12. gxf4 exf4 13. h6 $1 $16 {
Miralles,G-Fayard,A FRA-ch 1991 CBM/27}) 4... e4 5. Bf4 d6 6. e3 Nf6 7. Qc2
Nbd7 (7... Nxd5 {Anand} 8. cxd5 f5 9. Rc1) 8. Nc3 c6 9. a3 (9. Nxe4 Nxe4 10.
Qxe4 Qa5+ 11. Ke2 Nf6 $44) 9... Qb6 (9... d5 {Anand} 10. cxd5 Nxd5 (10... cxd5
11. Nb5 O-O 12. Bc7 Qe8 13. Nd6 Bxd6 14. Bxd6 $18) 11. Qxe4 Qa5 12. Nge2 $16)
10. Nge2 O-O 11. Ng3 d5 12. Nf5 Re8 13. cxd5 Nxd5 (13... cxd5 14. Nb5 $16) 14.
Bd6 $1 N7f6 15. Nxe7+ Nxe7 16. Be5 Ng4 17. Bg3 Nf5 18. Bf4 Be6 19. Na4 $1 (19.
Nxe4 {Anand} Bb3 $44) 19... Qd8 20. Nc5 Qh4 (20... Bc8 {Anand} 21. Be2 Nf6 $14)
21. g3 Qh5 22. h3 g5 (22... Nf6 23. Bg2 $16) 23. Nxe6 $1 fxe6 (23... Rxe6 24.
hxg4 $1 Qxh1 25. gxf5 $18) 24. Qe2 $1 Nfh6 (24... gxf4 25. Qxg4+ Qxg4 26. hxg4
$18) 25. Rg1 $1 gxf4 26. gxf4 c5 27. hxg4 Qd5 28. Rh1 Kg7 29. Rh5 e5 30. Rg5+
Kh8 31. Rxe5 Rxe5 32. dxe5 Rg8 33. g5 Nf5 34. Qc4 1-0

[Event "Griesheim GM 3rd"]
[Site "Griesheim"]
[Date "2003.01.29"]
[Round "1"]
[White "Ruck, Robert"]
[Black "Jakubiec, Artur"]
[Result "0-1"]
[WhiteElo "2583"]
[BlackElo "2532"]
[Annotator "Ribli,Z"]
[PlyCount "142"]
[EventDate "2003.01.29"]
[EventType "tourn"]
[EventRounds "9"]
[EventCountry "GER"]
[EventCategory "11"]
[SourceTitle "CBM 094"]
[Source "ChessBase"]
[SourceDate "2003.05.26"]
[SourceVersion "1"]
[SourceVersionDate "2003.05.26"]
[SourceQuality "1"]

1. c4 f5 2. Nc3 Nf6 3. g3 d6 4. Bg2 e5 5. e3 g6 6. Nge2 Bg7 7. O-O O-O 8. b3 {
Weiß lässt seinen Bauern auf d2 und im folgenden kann er entweder d2-d4 oder
d2-d3 ziehen.} c6 9. Ba3 Re8 (9... a5 10. d3 Na6 11. Qd2 Rb8 12. Rac1 b5 13.
cxb5 cxb5 14. Nd5 b4 15. Bb2 Nxd5 16. Bxd5+ Kh8 17. d4 e4 18. f3 Nc7 19. Bc6
exf3 20. Bxf3 Ba6 21. Rfe1 Bxe2 22. Rxe2 Nb5 {1/2-1/2 Lezcano Jaen,
P-Komljenovic,D/Las Palmas 1995/EXT 98 (45)}) (9... Na6 10. b4 Nc7 11. b5 cxb5
12. cxb5 Rf7 13. f4 e4 14. Rb1 Ne6 15. Bb2 d5 16. Na4 b6 17. Nd4 Nxd4 18. Bxd4
Ne8 19. Bxg7 Nxg7 20. d3 Bb7 {1/2-1/2 Eingorn,V-Baumegger,S/Vienna 1998/EXT
2000 (45)}) 10. Rc1 Na6 {Ein typysches Motiv: der Springer zielt nach c7. Der
Läuferzug nach e6 (10...Be6) waere nicht gut wegen 11.d4 und Schwarz kann
nicht 11...e4 ziehen, wegen 12.d5.} (10... a5 11. d3 Na6 12. Qd2 Be6 (12... Kh8
13. h3 Nc5 14. Rcd1 Ne6 15. f4 exf4 16. gxf4 Nc5 17. Ng3 Ng8 18. d4 Na6 19. e4
{1-0 Kharlov,A-Gelman,A/St Petersburg 1998/EXT 99 (35)}) 13. d4 Bf7 14. d5 c5
15. e4 f4 16. gxf4 Bh6 17. Qd3 exf4 18. Qh3 Kg7 19. Bb2 {1-0 Pavlovic,
M-Ibragimov,I/Ano Liosia 1995/CBM 46 ext (56)}) (10... Be6 $6 11. d4 $14) 11.
d3 (11. b4 Nc7 12. d4 e4 13. d5 cxd5 14. Nxd5 Nfxd5 15. cxd5 Nb5 16. Qb3 a5 17.
Bb2 a4 18. Qc2 Bd7 19. Qd2 Bxb2 20. Qxb2 Qe7 21. Rfd1 Rec8 {0-1 Rayner,F-Marin,
M/Novi Sad 1990/TD (43)}) 11... Nc7 $11 {Schwarz hat eine starke Bauernkette
im Zentrum und obgleich die weißen Läufer aktiv auf a3 und g2 stehen, hat er
eine feste Stellung ohne Probleme.} 12. Qd2 Be6 (12... d5 $5 13. cxd5 cxd5) 13.
f4 (13. d4 e4 14. Nf4 Bf7 $15) 13... exf4 (13... Bf7 14. e4 $14) 14. Nxf4 d5 $1
{Schwarz hat keine Angst von 15.Nxe6.} (14... Bf7 15. e4 $14) 15. Na4 {[%cal
Ga4c5,Gc5b7,Gc5e6] Weiß bereitet 16.Nc5 vor.} (15. Nxe6 Rxe6 $11 {Auf diese
Weise hätte Schwarz sich von seinem schlechtem Läufer befreit.}) 15... Bf7 $1
$13 {[%cal Gg6g5,Gg5f4]} 16. h3 (16. Nc5 Rb8 17. Bb2 Ng4 $15) 16... g5 (16...
d4 17. exd4 Qxd4+ $13) 17. Ne2 Bg6 18. Nd4 (18. Nc5 Rb8 19. Nd4 $36) 18... dxc4
19. bxc4 (19. Nc5 $13) {[#]} 19... Rxe3 $1 {[%mdl 64] Dieses Opfer führt zu
taktischem Spiel. Ich bin sicher, dass es in der praktischen Partie unmöglich
war alle Konsequenzen durchzurechnen.} 20. Qxe3 Ng4 {[%cal Rg7d4,Rd4g1,Rg4e3]}
21. Nxc6 (21. Qd2 Bxd4+ 22. Kh1 Ne3 23. Rf3 Nxg2 24. Kxg2 $8 (24. Qxg2 $2 g4 $5
25. hxg4 Qg5 $1 26. gxf5 $2 (26. Rcf1 fxg4 27. Rf8+ Rxf8 28. Rxf8+ Kg7 $17)
26... Qh5+ 27. Qh2 Qxf3+ $19) 24... Ne6 $44) 21... Nxe3 22. Nxd8 Rxd8 $44 {
Schwarz hat eine Qualitaet weniger, aber seine Figuren stehen aktiv und er
kann sich das Läuferpaar verschaffen.} 23. Rf3 Nxg2 $1 (23... Rxd3 24. Bc5 f4
$44) 24. Kxg2 g4 25. Rf2 (25. hxg4 fxg4 26. Re3 Bh6 $36 {[%cal Rh6c1]}) 25...
Be8 $5 {[%csl Ge8][%cal Re8a4,Ge8c6,Gc6g2] Schwarz beschaeftigt sich nicht mit
dem d3-Bauern, sondern bringt den weißfarbigen Läufer nach c6.} (25... Rxd3 26.
Bb2 f4 27. Rxf4 gxh3+ 28. Kxh3 Bh6 $36 {[%cal Rh6c1]}) 26. Nb2 Bc6+ {[%csl Gc6,
Gg7]} 27. Kh2 Ne6 {[%cal Ge6g5,Gg5f3,Ge6d4,Gd4f3]} 28. Rxf5 (28. hxg4 fxg4 29.
Be7 Bxb2 30. Rxb2 Rxd3 $44) 28... Nd4 {[%csl Gc6,Gd4,Gg7]} 29. hxg4 Nxf5 30.
gxf5 Re8 {[%csl Ra3,Rb2,Gc6,Gg7][%cal Re8e2,Re2h2] Schwarz hat zwei Bauern
weniger, aber alle seine Figuren stehen sehr aktiv, während Weiß Probleme mit
der Figurenkoordination hat.} 31. Rc2 $2 (31. Kh3 $142 $5) 31... Re1 {[%cal
Re1h1,Rh1h2]} 32. Kh3 h5 (32... Ra1 $44) 33. d4 $2 (33. Kh4) 33... Be4 {
[%csl Ge4][%cal Re4f5,Rf5h3,Re4c2]} 34. Rd2 Bxd4 $1 $19 35. g4 (35. Rxd4 Rh1#)
35... Rh1+ 36. Kg3 Be5+ 37. Kf2 hxg4 {[%csl Ge4,Ge5,Rf2,Gg4,Gh1]} 38. Ke3 Bxf5
39. Nd3 Rh3+ (39... Bc3 $19) 40. Ke2 Bxd3+ $6 (40... Bc3 41. Rd1 Be4 $19) 41.
Rxd3 Rxd3 (41... Rh2+ 42. Ke3 Rxa2 $17) 42. Kxd3 {[%mdl 4096]} Kf7 $17 {
[%csl Gg4]} 43. Ke4 Ke6 44. Bc1 Bd6 45. Be3 b6 $5 {[%cal Gd6c5,Gc5g1]} (45...
a6 $17) 46. Bd4 Bc5 47. Be5 (47. Bxc5 $2 bxc5 48. Kf4 Kf6 49. Kxg4 Ke5 $19)
47... Bf2 {[%cal Gg4g3]} 48. Bb8 a6 49. Bf4 Kd7 {[%cal Gd7c6]} 50. Bg5 Kc6 51.
Be7 Bc5 (51... b5 52. cxb5+ Kxb5 $17) 52. Bg5 Bd6 53. Be3 g3 54. Kf3 (54. Kd3
Bc5 $19) 54... b5 $1 55. cxb5+ Kxb5 {[%csl Ra2]} 56. Bd2 a5 57. Bc3 a4 58. Bb2
Kc4 {[%cal Gc4d3,Gd3c2,Gc2b1]} 59. Ke2 Bc5 60. Kf3 Bd4 61. Bc1 (61. Bxd4 Kxd4
62. Kxg3 Kc3 $19) 61... Be5 62. Ba3 Kc3 63. Bc5 Kb2 $19 64. Ke4 Bc7 (64... Kxa2
$1 65. Kxe5 Kb3 66. Kf4 g2 67. Kg3 Kc4 68. Be3 a3 $19) 65. a3 Kb3 66. Kf3 Be5
67. Be7 Bb2 68. Bd6 Bxa3 69. Bxg3 Bb4 70. Ke3 a3 71. Kd3 Bc3 {[%cal Ra3a2,
Ra2a1]} 0-1

[Event "Tilburg"]
[Site "Tilburg"]
[Date "1993.??.??"]
[Round "2"]
[White "Georgiev, Kiril"]
[Black "Bologan, Viktor"]
[Result "1-0"]
[WhiteElo "2660"]
[BlackElo "2510"]
[Annotator "Ribli,Z"]
[PlyCount "79"]
[EventDate "1993.11.??"]
[EventType "k.o."]
[EventRounds "7"]
[EventCountry "NED"]
[SourceTitle "CBM 039"]
[Source "ChessBase"]
[SourceDate "1994.04.01"]
[SourceVersion "1"]
[SourceVersionDate "1994.04.01"]
[SourceQuality "1"]

1. c4 e5 2. Nc3 Bb4 3. Nd5 Be7 4. Nf3 d6 5. g3 f5 (5... c6 {Miralles,G-Fayard,
A/FRA-ch/1991/CBM27/}) 6. Bg2 Nf6 7. O-O O-O 8. b4 Nxd5 9. cxd5 Nd7 10. d3 Kh8
(10... a5 $5) 11. Bd2 Nf6 12. Qb3 Qe8 13. Rac1 Qh5 $6 (13... Bd8 $5) 14. Rxc7
Bd8 15. Rc4 e4 (15... Nxd5 $2 16. Rxc8 Rxc8 17. Qxd5 $18) 16. Nd4 Ng4 17. h3
Ne5 18. Bf4 $5 Nxc4 (18... exd3 $2 19. exd3 Nxc4 20. dxc4 Be7 21. Nb5 $16) 19.
dxc4 Be7 20. Nb5 Rd8 21. Re1 b6 22. c5 $1 $44 dxc5 23. d6 Bg5 24. Bxg5 Qxg5 25.
bxc5 Bd7 (25... bxc5 26. Nc7 $18) 26. Nc7 Rab8 27. c6 $1 Bxc6 28. Ne6 Qf6 29.
Nxd8 Rxd8 30. Qa3 Qxd6 31. Qxa7 Bb5 (31... Be8 $5 32. e3 Qd2 33. Rb1 b5 34. Qe7
$14) 32. e3 Bd3 33. Rc1 Bc2 34. Bf1 $1 Qc6 35. Qe7 Ra8 36. Qe5 Qa4 37. Qxf5
Qxa2 38. Bg2 Qb2 $2 39. Rxc2 $1 Qxc2 40. Bxe4 1-0

[Event "Dortmund op-A"]
[Site "Dortmund"]
[Date "1992.??.??"]
[Round "9"]
[White "Lputian, Smbat G"]
[Black "Tischbierek, Raj"]
[Result "1-0"]
[WhiteElo "2560"]
[BlackElo "2485"]
[Annotator "Ribli,Z"]
[PlyCount "51"]
[EventDate "1992.04.??"]
[EventType "swiss"]
[EventRounds "11"]
[EventCountry "GER"]
[SourceTitle "CBM 029"]
[Source "ChessBase"]
[SourceDate "1992.08.01"]
[SourceVersion "1"]
[SourceVersionDate "1992.08.01"]
[SourceQuality "1"]

1. d4 {Anand} d6 2. c4 e5 3. Nf3 e4 4. Ng1 $5 f5 5. Nc3 Nf6 $6 (5... c6 $5) 6.
Bg5 $1 Be7 7. e3 O-O 8. Nh3 c6 9. Nf4 Na6 10. h4 $5 (10. Be2 Nc7 11. Qb3 h6 12.
Bxf6 Bxf6 13. Ng6 Re8 14. h4 Kh7 15. h5 Rb8 16. Kf1 Be6 $13 {Shvedchikov,
A-Iashvili,A Moscow2 1991 EXP/21}) (10. Be2 Nc7 11. Qb3 Nd7 (11... h6 $5) 12.
Bxe7 Qxe7 13. h4 Ne6 14. Nxe6 Qxe6 15. g3 Nf6 16. d5 Qe7 $2 17. c5 $1 Kh8 18.
dxc6 dxc5 19. cxb7 Bxb7 20. O-O-O Rab8 21. Qa4 $14 {Ibragimov,I-Titov,G
URS-chT Azov 1991 CBM/25}) 10... Nc7 11. Qb3 Rb8 12. Be2 Ne6 $2 (12... h6 $5)
13. c5 $1 d5 14. Nxe6 Bxe6 15. Bf4 $16 b5 16. Bxb8 Qxb8 17. g3 g6 18. Kd2 a6
19. Rhb1 Bd8 20. a4 b4 21. a5 $1 (21. Bxa6 {Anand} bxc3+ 22. Qxc3 (22. bxc3
Qxb3 23. Rxb3 Ba5 $1)) 21... bxc3+ 22. bxc3 Qb5 23. Qa3 $1 Be7 24. Bxb5 cxb5
25. Rxb5 $1 axb5 26. a6 1-0

[Event "Olympiad-31"]
[Site "Moscow"]
[Date "1994.12.03"]
[Round "3.1"]
[White "Lalic, Bogdan"]
[Black "Shirov, Alexei"]
[Result "1/2-1/2"]
[WhiteElo "2530"]
[BlackElo "2740"]
[Annotator "Ribli,Z"]
[PlyCount "127"]
[EventDate "1994.12.01"]
[EventType "team-swiss"]
[EventRounds "14"]
[EventCountry "RUS"]
[SourceTitle "CBM 045"]
[Source "ChessBase"]
[SourceDate "1995.04.01"]
[SourceVersion "1"]
[SourceVersionDate "1995.04.01"]
[SourceQuality "1"]
[WhiteTeam "Croatia"]
[BlackTeam "Latvia"]
[WhiteTeamCountry "CRO"]
[BlackTeamCountry "LAT"]

1. c4 {Hecht} e5 2. Nc3 Bb4 3. Nd5 Be7 4. d4 d6 5. e4 Nf6 6. Nxe7 Qxe7 7. f3
exd4 8. Qxd4 Nc6 (8... c5 9. Qd2 Be6 10. Bd3 Nc6 11. Ne2 $14 {Karpov,
An-Illescas Cordoba,M/Dos Hermanas/1994/CBM41/INF60,19/}) 9. Qc3 O-O 10. Ne2 (
10. Bg5 Re8 11. Qd2 h6 $13) 10... Nh5 11. g4 (11. Be3 f5 12. exf5 Bxf5 13. g4
Rae8 $36) 11... Qh4+ 12. Kd1 Nf6 13. Ng3 Be6 14. Be3 Nd7 15. Be2 a5 16. Kd2 Nc5
17. b3 Rfe8 (17... a4 18. b4 Nd7 19. a3 $14) 18. Rag1 f6 19. Kc1 (19. Kd1 $5 {
/\ g5|^} b5 $6 20. cxb5 Nb4 21. Bxc5 $1 dxc5 22. a3 Na2 23. Qc2 a4 24. Bc4 $18)
19... Ra6 20. Kd1 Rb6 21. g5 a4 (21... fxg5 22. Bxg5 Qxg5 23. Nf5 $18) 22. gxf6
g6 (22... axb3 23. Nf5 b2 24. f7+ $18) 23. Bg5 $1 Qxg5 24. Nf5 Qxf5 (24... Qh5
25. f7+ $18) (24... Qxg1+ 25. Rxg1 Bxf5 26. exf5 axb3 27. fxg6 hxg6 28. axb3
Rxb3 29. Qc2 $18) 25. exf5 Bxf5 26. Rg5 Kf7 27. Rxf5 axb3 (27... gxf5 28. Rg1
axb3 29. Rg7+ Kf8 30. f7 b2 31. Rg8+ Kxf7 32. Qg7+ Ke6 33. Rxe8+ $18) 28. Rh5 (
28. Rxc5 bxa2 29. Kd2 Rb1 $17) 28... gxh5 29. axb3 Rxb3 30. Qc2 Kxf6 31. Qxh7 (
31. Rg1 $2 Rxe2 $1 $19) 31... Ra3 (31... Nd4 $2 32. Rg1 $18) 32. Qh6+ Ke7 33.
Qg7+ Kd8 34. Rg1 Na4 35. Qf6+ Kc8 36. Rg8 $1 Rxg8 37. Qe6+ Kb8 38. Qxg8+ Ka7
39. Qg7 $13 {Hecht: White hopes to win with his strong passes pawn f3.} Kb6 40.
h4 Nc5 41. f4 Rh3 42. Bxh5 Rxh4 43. Bg4 Na5 44. Qc3 Nab3 (44... Rxg4 $5 45.
Qb4+ Ka7 (45... Ka6 {Hecht} 46. Qb5+ Ka7 47. Qxa5+ Kb8 48. Qd2 Rg8 49. f5 Rf8
50. Qg5 Nd7 51. Qe7 Rxf5 52. Qxd7 Rc5 $10) 46. Qxa5+ Kb8 47. Qd2 $14 Rg1+ 48.
Kc2 Rf1 $13) 45. Qf3 Nd4 46. Qg2 Rh8 47. f5 (47. Qb2+ Ncb3 $13) 47... Rf8 48.
Qf2 Nc6 49. f6 Ne5 50. Bh5 Nxc4 51. f7 c6 52. Qf4 Ne5 53. Qh6 (53. Qf6 Kc7 54.
Qe7+ Ncd7 $13) 53... Rxf7 54. Bxf7 Nxf7 55. Qf6 Ne5 56. Qxd6 Ncd3 57. Qe7 c5
58. Kd2 Nc6 59. Qg7 Nde5 60. Kc3 Ka6 61. Qf8 b6 62. Qa8+ Kb5 63. Qe8 c4 64. Qg8
{Ribli} 1/2-1/2

[Event "Tilburg Fontys"]
[Site "Tilburg"]
[Date "1996.10.14"]
[Round "4"]
[White "Piket, Jeroen"]
[Black "Adams, Michael"]
[Result "1/2-1/2"]
[WhiteElo "2580"]
[BlackElo "2685"]
[Annotator "Ribli,Z"]
[PlyCount "72"]
[EventDate "1996.10.11"]
[EventType "tourn"]
[EventRounds "11"]
[EventCountry "NED"]
[EventCategory "16"]
[SourceTitle "CBM 056"]
[Source "ChessBase"]
[SourceDate "1997.02.01"]
[SourceVersion "1"]
[SourceVersionDate "1997.02.01"]
[SourceQuality "1"]

1. d4 d6 2. c4 e5 3. Nf3 e4 4. Ng5 f5 5. Nc3 Be7 6. Nh3 c6 7. g3 Nf6 8. Bg2 Na6
9. d5 (9. O-O O-O 10. f3 $5 exf3 11. exf3 d5 (11... Nc7 $5) 12. cxd5 Nxd5 13.
Nf4 Nac7 14. Qb3 Bf6 15. Rd1 Rf7 16. Nfxd5 Nxd5 17. Nxd5 Qxd5 18. Qxd5 cxd5 19.
Bf4 Be6 20. Be5 Bd8 21. Rac1 Bb6 22. f4 $14 {Van Wely,L-Adams,M/Groningen/1995/
CBM51/}) 9... O-O 10. O-O Nc7 11. Kh1 (11. f3 cxd5 12. cxd5 exf3 13. exf3 b5
14. b4 a5 $36 {Gulko,B-Short,N/Elenite/1995/CBM50/}) 11... cxd5 12. cxd5 b5 13.
b4 (13. a3 a5) 13... a5 14. Rb1 $1 axb4 15. Rxb4 Bd7 16. Rb1 (16. f3 $6 Na6 17.
Rd4 b4) 16... Ng4 17. f3 exf3 18. exf3 {[#]} Bf6 (18... Ne5) 19. fxg4 (19. Bd2
Ne3 (19... Bxc3 $2 20. Bxc3 Ne3 $4 21. Qd4 $18) 20. Bxe3 Bxc3 $13) 19... Bxc3
20. Qc2 b4 21. gxf5 Nb5 $44 {Schwarz hat für das geopferte Material völlig
ausreichende Kompensation. Ribli} 22. g4 (22. Be3 $2 Na3) 22... Qh4 $1 23. Ng5
Nd4 (23... Qxg4 24. f6 g6 25. Bh3 Bf5 26. Rxf5 $18) 24. Qe4 Rxa2 (24... Bb5)
25. Ne6 Ne2 26. Bf4 Nxf4 27. Rxf4 Be5 28. Nxf8 Kxf8 29. Qf3 (29. Qxb4 $2 Rf2 $1
30. Rf1 Bxf4 $19) 29... Bb5 30. h3 {Weiss hat keinen anderen Zug. Schwarz hat
gutes Spiel für die Qualität, und Weiss hat nichts besseres als die Qualität
zurück zu geben. Ribli.} Bd3 $5 31. Qxd3 $1 $10 (31. Rc1 Rc2 $5 32. Rxc2 Bxc2
$44 33. Rxb4 $2 Qe1+ $19) 31... Bxf4 32. Qc4 Qf2 33. Qc8+ Ke7 34. Qc7+ Ke8 35.
Qc8+ Ke7 36. Qc7+ Ke8 {Der friedliche Remisschluß in einer spannenden Partie.
Ribli.} 1/2-1/2

[Event "SUI-ch int"]
[Site "Switzerland"]
[Date "1992.??.??"]
[Round "10"]
[White "Fauland, Alexander"]
[Black "Kishnev, Sergey"]
[Result "1-0"]
[WhiteElo "2425"]
[BlackElo "2530"]
[Annotator "Ribli,Z"]
[PlyCount "57"]
[EventDate "1992.??.??"]
[EventType "tourn"]
[EventRounds "11"]
[EventCountry "SUI"]
[EventCategory "8"]
[SourceTitle "CBM 031"]
[Source "ChessBase"]
[SourceDate "1992.12.01"]
[SourceVersion "1"]
[SourceVersionDate "1992.12.01"]
[SourceQuality "1"]

1. c4 e5 2. g3 f5 3. Bg2 Nf6 4. Nc3 g6 5. d3 Bg7 6. e3 O-O 7. Nge2 c6 (7... d6
8. O-O a5 9. b3 c6 10. Bb2 (10. Ba3 Na6 11. d4 Nb4 12. Qd2 Qc7 13. Bb2 Be6 14.
a3 Na6 15. Rac1 Bf7 16. Rfd1 $13 {Ledger,A-Mestel,AJ Hastings Challenger 1991
EXP/26}) 10... Na6 11. Qd2 Bd7 $10 {Gurevich,M-Kasparov,G Reggio Emilia 1991
CBM/27 53/22}) 8. O-O Na6 (8... d6 9. b3 Be6 10. Bb2 Nbd7 11. Qd2 Nb6 $6 (11...
Qe7 $5) 12. f4 Qd7 13. Rad1 Rad8 14. h3 Nh5 15. Qe1 exf4 16. gxf4 $14 {
Bischoff,K-Santo Roman,M EUCup (Bayern-Lyon) 1991 CBM/28}) 9. f4 d6 10. Rb1 $6
(10. Qd2 $5 Re8 11. h3 Be6 12. b3 Qd7 13. Bb2 $14) 10... Re8 11. h3 Be6 12. b3
Qd7 13. Bb2 Rad8 14. Qd2 Bf7 15. e4 (15. Rbd1 $5) (15. Rbe1 $5) 15... Nc5 16.
exf5 gxf5 17. Rbd1 (17. Rbe1 $5) 17... Bg6 18. b4 Ne6 19. Kh2 h5 $1 20. Rde1 h4
21. g4 Nxf4 22. Nxf4 exf4 23. Ne2 fxg4 24. Rxf4 $6 (24. Nxf4 $5) 24... Qe6 25.
Bxf6 g3+ 26. Kh1 Bxf6 27. Rg4 Kh7 $2 (27... Bg7 $1 $17) 28. Rxg6 $1 Bg5 29.
Rxg5 1-0